Proposed Cantons of "The New Europe With Lasting Peace" with a Map (1920) - Statistics

General Stats
  • This quiz has been taken 5,367 times
  • The average score is 13 of 25
Answers on the Map
Answers color-coded by a green-red scale on the quiz's map according to % correct below.
 
Answer Stats
Cantons % Correct
St. Stephan
92%
Paris
85%
Berlin
84%
Warsaw
79%
Brussels
75%
Budapest
71%
Bucharest
70%
Belgrade
68%
Hamburg
67%
Zagreb
67%
Milan
64%
Sarajevo
57%
Kraków
52%
Marseille
52%
Munich
45%
Geneva
44%
Lemberg
38%
Königsberg
37%
Odessa
37%
Haag
36%
Breslau
27%
Graz
21%
Kassa
7%
Pinsk
6%
Szeged
6%
No matching quizzes found
Score Distribution
Percent of People with Each Score
Percentile by Number Answered
Your Score History
You have not taken this quiz